Tax Incentives of Business Entities in Selected Countries of the EU in the Context of Globalization
Vývoj a súčasný stav daňových stimulov a ich právna úprava využívaná v Slovenskej republike v porovnaní s Rakúskom, Českou republikou a Nemeckom. Predpoklady ich poskytovania a rozhodnutia podnikateľských subjektov o prípadných investíciách v danej krajine.
Salvato in:
| Autore principale: | |
|---|---|
| Natura: | Capitolo di libro |
| Lingua: | slovacco |
| Soggetti: | |
| Tags: |
Nessun Tag, puoi essere il primo ad aggiungerne!!
|
MARC
| LEADER | 00000naa$a2200000$$$4500 | ||
|---|---|---|---|
| 001 | 0217131 | ||
| 005 | 20240502073617.7 | ||
| 041 | 0 | |a slo | |
| 044 | |a SK | ||
| 245 | 1 | 0 | |a Tax Incentives of Business Entities in Selected Countries of the EU in the Context of Globalization |c Katarína Vavrová |
| 520 | |a Vývoj a súčasný stav daňových stimulov a ich právna úprava využívaná v Slovenskej republike v porovnaní s Rakúskom, Českou republikou a Nemeckom. Predpoklady ich poskytovania a rozhodnutia podnikateľských subjektov o prípadných investíciách v danej krajine. | ||
| 610 | 2 | 0 | |a Slovensko |
| 610 | 2 | 0 | |a Česko |
| 610 | 2 | 0 | |a Nemecko |
| 610 | 2 | 0 | |a Rakúsko |
| 610 | 2 | 0 | |a systémy daňové |
| 610 | 2 | 0 | |a politika daňová |
| 610 | 2 | 0 | |a sadzby daňové |
| 610 | 2 | 0 | |a zvýhodnenie daňové |
| 610 | 2 | 0 | |a porovnanie medzinárodné |
| 100 | 1 | |a Vavrová, Katarína, 1960- | |